Business and its legal environment / (Record no. 1333)

MARC details
000 -LEADER
fixed length control field 00995pam a2200301 a 4500
005 - DATE AND TIME OF LATEST TRANSACTION
control field 20260322212056.0
008 - FIXED-LENGTH DATA ELEMENTS--GENERAL INFORMATION
fixed length control field data
010 ## - LIBRARY OF CONGRESS CONTROL NUMBER
LC control number 91022867
020 ## - INTERNATIONAL STANDARD BOOK NUMBER
International Standard Book Number 0130923052 :
Terms of availability {dollar}34.00
020 ## - INTERNATIONAL STANDARD BOOK NUMBER
International Standard Book Number 9780130923059 :
Terms of availability {dollar}34.00
040 ## - CATALOGING SOURCE
Original cataloging agency DLC
Transcribing agency DLC
Modifying agency DLC
043 ## - GEOGRAPHIC AREA CODE
Geographic area code n-us---
050 00 - LIBRARY OF CONGRESS CALL NUMBER
Classification number KF1600
Item number .D85 1992
082 00 - DEWEY DECIMAL CLASSIFICATION NUMBER
Classification number 347.3067
-- 347.3067
Edition information 20
092 ## - LOCALLY ASSIGNED DEWEY CALL NUMBER (OCLC)
Classification number 346.73 D85 1992
001 - CONTROL NUMBER
control field data
100 1# - MAIN ENTRY--PERSONAL NAME
Personal name Dunfee, Thomas W.
245 10 - TITLE STATEMENT
Title Business and its legal environment /
Statement of responsibility, etc. Thomas W. Dunfee, Janice R. Bellace & David Barrett Cohen.
250 ## - EDITION STATEMENT
Edition statement 3rd ed.
260 ## - PUBLICATION, DISTRIBUTION, ETC.
Place of publication, distribution, etc. Englewood Cliffs, N.J. :
Name of publisher, distributor, etc. Prentice Hall,
Date of publication, distribution, etc. c1992.
300 ## - PHYSICAL DESCRIPTION
Extent xiii, 815 p. :
Other physical details ill. ;
Dimensions 25 cm.
500 ## - GENERAL NOTE
General note Rev. ed. of: Business and its legal environment / Thomas W. Dunfee ... [et al.].
500 ## - GENERAL NOTE
General note Includes indexes.
650 #0 - SUBJECT ADDED ENTRY--TOPICAL TERM
Topical term or geographic name entry element Industrial laws and legislation
Geographic subdivision United States.
650 #0 - SUBJECT ADDED ENTRY--TOPICAL TERM
Topical term or geographic name entry element Trade regulation
Geographic subdivision United States.
700 1# - ADDED ENTRY--PERSONAL NAME
Personal name Bellace, Janice R.
700 1# - ADDED ENTRY--PERSONAL NAME
Personal name Cohen, David Barrett.
Holdings
Withdrawn status Lost status Damaged status Not for loan Home library Current library Shelving location Date acquired Total checkouts Full call number Barcode Date last seen Price effective from Koha item type
        Liberty Liberty General stacks 22/03/2026   346.73/07 347.3067 20 BC0011376 22/03/2026 22/03/2026 Books